| 000 | 00963nmm a2200277 a 4500 | ||
|---|---|---|---|
| 001 | ocm000643925 | ||
| 003 | TR-IsHL | ||
| 005 | 20201028133035.0 | ||
| 008 | 131121s2007 tu tur | ||
| 007 | cr cn | ||
| 020 | _a9789758071616 | ||
| 035 |
_a643925 _b(N$T) |
||
| 050 | 0 | 4 |
_aDR431 _b.B45 2007 |
| 090 | 0 | 4 |
_aDR431 _b.B45 2007 |
| 245 | 1 | 0 |
_aBelkıs Dinçol ve Ali Dinçol'a armağan VITA: Festschrift in honor of Belkıs Dinçol and Ali Dinçol _h[electronic resource] / _cHaz. Hasan Peker, Metin Alparslan |
| 260 |
_aİstanbul : _bEge Yayınları, _c2007 |
||
| 300 | _a846 p. | ||
| 650 | 4 | _aTarih | |
| 650 | 4 | _aHistory | |
| 650 | 0 |
_aHitit dili _x Gramer |
|
| 650 | 0 |
_aHittite language _x Grammar |
|
| 650 | 7 |
_aFOREIGN LANGUAGE STUDY / Ancient Languages (see alsoLatin) _2bisacsh |
|
| 700 | 1 | _aPeker, Hasan | |
| 700 | 1 | _aAlparslan, Metin | |
| 856 | 4 | 0 | _uhttp://search.ebscohost.com/login.aspx?direct=true&scope=site&db=e011xww&AN=643925 |
| 999 |
_c5422 _d5422 |
||